Statystyki dla W jakich miejscach kobiety szukają kandydata na męża

Kliknij tutaj aby rozwiązać quiz!

Ogólne statystyki

  • Ten quiz został rozwiązany 10 razy
  • Średni wynik to 1 z 8

Statystyki odpowiedzi

Odpowiedź% Poprawnych
W Pracy
57%
Dyskotece | Barze
29%
Internecie
29%
Na uczelni
14%
U Znajomych
14%
Bibliotece
0%
Kościele
0%
Na wycieczce
0%

Rozkład punktacji

Percentyl według liczby udzielonych odpowiedzi

Procent ludzi z każdym wynikiem

Twoja historia wyników

Nie rozwiązałeś tego quizu